000 00902nam a2200241 i 4500
005 20250219000229.0
008 250218t19811980inko gr 000 0beng d
020 _a0860018369
040 _aCO-PeBPR
_cCO-PeBPR
_erda
041 _aeng
082 0 4 _a782.42166
_bH793e
100 1 _954467
_aHopkins, Jerry
_eautor
245 1 0 _aElvis.
_bThe final years. A biography by Jerry Hopkins
_cJerry Hopkins
264 1 _aLondres (Inglaterra)
_bOmnibus Press
_c©1981
300 _a258 páginas
_bfotografías en blanco y negro
_c23 cm
336 _aTexto
_btxt
_2rdacontent
337 _aSin mediación
_bn
_2rdamedia
338 _aVolumen
_bnc
_2rdacarrier
600 0 _954468
_aPresley, Elvis
_d1935-1977
650 0 _931198
_aMusicos de Rock
_zEstados Unidos
_vBiografías
830 _aColección Musical - Eduardo González
942 _2ddc
_cBK
_h782.42166 H793e
_k782.42166
_mH793e
999 _c17578
_d17578